00530nam a2200169Ia 4500003000900000008004100009020001800050040001600068080001400084100002100098245011100119260002700230300001600257650003400273650003400307650001900341IN-BaIIA211028s9999 xx 000 0 eng d a0-471-87910-X cIIA Library a92:5bCLA aClarke, Arthur C 0aAscent to orbit : a scientific autobiographyc Arthur C Clarke  aNew York,bWileyc1984 aviii, 226p. aArthur C Clarke Autobiography aAutobiography-Arthur C Clarke aNASA Thesaurus